Normal view MARC view
  • Clough, D. P

Entry Personal Name

Number of records used in: 1

001 - CONTROL NUMBER

  • control field: 42955

003 - CONTROL NUMBER IDENTIFIER

  • control field: NUST

005 - DATE AND TIME OF LATEST TRANSACTION

  • control field: 20210314132457.0

008 - FIXED-LENGTH DATA ELEMENTS

  • fixed length control field: 210314|| aca||aabn | a|a d

040 ## - CATALOGING SOURCE

  • Original cataloging agency: NUST
  • Transcribing agency: NUST

100 ## - HEADING--PERSONAL NAME

  • Personal name: Clough, D. P

670 ## - SOURCE DATA FOUND

  • Source citation: Work cat.: (NUST): Clough, D. P., Design of connections for precast prestressed concrete buildings for the effects of earthquake /, c1986.
© 2023 Central Library, National University of Sciences and Technology. All Rights Reserved.